| 000 | 00892nam a2200229 a 4500 | ||
|---|---|---|---|
| 999 |
_c4609 _d4609 |
||
| 001 | 4606 | ||
| 003 | BD-JhCC | ||
| 005 | 20171211174043.0 | ||
| 008 | 870917s1985 bg 001 0 ben | ||
| 035 | _a(BD-JhCC) | ||
| 040 |
_aBD-JhCC _dBD-JhCC |
||
| 041 | _aben | ||
| 082 | 0 | 0 |
_a640.3 _bKHA 1985 |
| 100 | 1 | _aখানম, হুসনা বানু | |
| 245 | 1 | 0 |
_aগার্হস্থ্য অর্থনীতি পরিভাষা / _cহুসনা বানু খানম,দারিয়ানুর বেগম, সৈয়দ হালিমা রহমান |
| 260 |
_aঢাকা: _bবাংলা একাডেমী; _c১৯৮৫ |
||
| 300 |
_a69 p.; _c22 cm |
||
| 650 | 0 | _aTerminology of home economics | |
| 700 | 1 | _aবেগম, দারিয়ানুর | |
| 700 | 1 | _aরহমান, সৈয়দ হালিমা | |
| 942 |
_2ddc _cBK |
||